Journey to Ellis Island : (Record no. 3234)

MARC details
000 -LEADER
fixed length control field 01328cam a2200325 a 4500
005 - DATE AND TIME OF LATEST TRANSACTION
control field 20250320094408.0
020 ## - INTERNATIONAL STANDARD BOOK NUMBER
International Standard Book Number 9780439106221
040 ## - CATALOGING SOURCE
Original cataloging agency DLC
Transcribing agency DLC
Modifying agency DLC
Language of cataloging eng
050 00 - LIBRARY OF CONGRESS CALL NUMBER
Classification number E184.J5
082 00 - DEWEY DECIMAL CLASSIFICATION NUMBER
Classification number 974.7
100 1# - MAIN ENTRY--PERSONAL NAME
Personal name Bierman, Carol
245 10 - TITLE STATEMENT
Title Journey to Ellis Island :
Remainder of title how my father came to America /
Statement of responsibility, etc. by Bierman, Carol ; illustrated by McGaw, Laurie
250 ## - EDITION STATEMENT
Edition statement First Scholastic printing , September 1999
260 ## - PUBLICATION, DISTRIBUTION, ETC.
Place of publication, distribution, etc. New York :
Name of publisher, distributor, etc. Scholastic ,
Date of publication, distribution, etc. 1998
300 ## - PHYSICAL DESCRIPTION
Extent 48 pages :
Other physical details color illustrations ;
Dimensions 24 cm .
505 ## - FORMATTED CONTENTS NOTE
Formatted contents note R <br/>
520 ## - SUMMARY, ETC.
Summary, etc. An account of the ocean voyage and arrival at Ellis Island of twelve-year-old Julius Weinstein who, along with his mother and younger sister, immigrated from Russia in 1922.
521 ## - TARGET AUDIENCE NOTE
Target audience note 750 <br/>
Source Lexile <br/>
521 ## - TARGET AUDIENCE NOTE
Target audience note R <br/>
Source Raz-Plus <br/><br/>
650 #0 - SUBJECT ADDED ENTRY--TOPICAL TERM
Topical term or geographic name entry element Jewish children
Geographic subdivision New York (State)
-- New York
Form subdivision Biography
-- Juvenile literature.
650 #0 - SUBJECT ADDED ENTRY--TOPICAL TERM
Topical term or geographic name entry element Jews, Russian
Geographic subdivision New York (State)
-- New York
Form subdivision Juvenile literature.
650 #0 - SUBJECT ADDED ENTRY--TOPICAL TERM
Topical term or geographic name entry element Immigrants
Geographic subdivision New York (State)
Form subdivision Juvenile literature.
650 #1 - SUBJECT ADDED ENTRY--TOPICAL TERM
Topical term or geographic name entry element Jews
Geographic subdivision New York (State)
-- New York
Form subdivision Biography.
650 #1 - SUBJECT ADDED ENTRY--TOPICAL TERM
Topical term or geographic name entry element Russian Americans.
650 #1 - SUBJECT ADDED ENTRY--TOPICAL TERM
Topical term or geographic name entry element Immigrants
Geographic subdivision New York (State)
700 1# - ADDED ENTRY--PERSONAL NAME
Personal name McGaw, Laurie
Relator term illustrtator
906 ## - LOCAL DATA ELEMENT F, LDF (RLIN)
a 7
b cbc
c orignew
d 1
e ocip
f 19
g y-gencatlg
942 ## - ADDED ENTRY ELEMENTS (KOHA)
Source of classification or shelving scheme Dewey Decimal Classification
Koha item type Books
Suppress in OPAC No
999 ## -
-- 3234
-- 3234
Holdings
Withdrawn status Lost status Source of classification or shelving scheme Damaged status Not for loan Collection Home library Current library Shelving location Date acquired Total Checkouts Full call number Barcode Date last seen Copy number Price effective from Koha item type
    Dewey Decimal Classification     Non-Fiction Footprints International School Library Network Toul Tom Poung Campus Footprints International School Library Network Toul Tom Poung Campus TTP Primary Orange Bookshelves 02/21/2024   BIE 974.7 E184.J5 FISTK04772 02/21/2024 1 02/21/2024 Books
    Dewey Decimal Classification     Non-Fiction Footprints International School Library Network Toul Tom Poung Campus Footprints International School Library Network Toul Tom Poung Campus TTP Primary Orange Bookshelves 11/10/2025   BIE 974.7 E184.J5 FISSE01279 11/10/2025 2 11/10/2025 Books